O jogo do desejo em Claude Crébillon: estudo dos processos retóricos da sedução (Registo nº 201575)
[ vista simples ]
| 000 -Etiqueta do registo | |
|---|---|
| Valores | 00725nam 22002053 4500 |
| 010 ## - Número ISBN | |
| ISBN | 972-31-1033-4 |
| 021 ## - Número do Depósito Legal | |
| Código do país | Portugal |
| Número | 195621/03 |
| 100 ## - Dados gerais de processamento | |
| Dados gerais | 20260330d u||y0pory50 ba |
| 200 ## - Titulo e menção de responsabilidade | |
| Título próprio | O jogo do desejo em Claude Crébillon: estudo dos processos retóricos da sedução |
| Primeira menção de responsabilidade | Ana Alexandra Seabra de Carvalho |
| 210 ## - Publicação | |
| Local de publicação | Lisboa |
| Nome do editor | Fundação Calouste Gulebnkian |
| Data de publicação | 2003 |
| 215 ## - Descrição física | |
| Paginação / Volumes | 614, [2] p. |
| Outras indicações físicas | brochado |
| Dimensões | 23 cm |
| 225 ## - Colecção | |
| Título próprio da colecção | Textos universitários de ciências sociais e humanas |
| 606 ## - Nome comum usado como assunto | |
| ID Autoridade | 3661 |
| Palavra de ordem | Crítica Literária.Estudos Literários |
| 675 ## - CDU | |
| Notação | 82.09 |
| Edição | PT |
| Língua | por |
| 700 ## - Autor principal (pessoa individual) | |
| ID Autoridade | 17013 |
| Apelido | Carvalho |
| Nome | Ana Alexandra Seabra de |
| Datas | 1964- |
| 801 ## - Fonte de origem | |
| País | PT |
| Agência | BMMN |
| Regras de catalogação | RPC |
| 830 ## - Notas gerais do catalogador | |
| Criado por | Vanda |
| 990 ## - Elementos KOHA | |
| Tipo de documento | Livro |
| Situação do levantamento | Biblioteca de origem | Código de barras | Cota | Permissão de empréstimo | Tipo de documento | Forma de aquisição |
|---|---|---|---|---|---|---|
| Biblioteca Municipal de Montemor-o-Novo | 30921 | 82.09 CAR|DEP | Livro | Compra |